| Поле | Название | Значение |
| |
Тип записи |
c |
| |
Библиографический уровень |
m |
| 001 |
Контрольный номер |
UONB/MAIN/39f19eea597544059ad722c8873d6e6d |
| 005 |
Дата корректировки |
20251205165435.3 |
| 010 |
Индекс ISBN |
__ |
| 9 |
Тираж |
10000 экз. |
| 013 |
Номер (ISMN) |
__ |
| d |
Цена |
65 к. |
| 071 |
Издательские номер (звукозапись и ноты) |
21 |
| a |
Номер, присвоенный агентством |
8532 |
| 100 |
Данные общей обработки |
__ |
| a |
Данные общей обработки |
20231103g1989 u y0rusy0189 ca |
| 101 |
Язык документа |
0_ |
| a |
Язык текста |
rus |
| f |
Язык титульного листа |
rus |
| 102 |
Страна публикации |
__ |
| a |
Страна публикации |
RU |
| 125 |
Кодированные данные звукозаписи и нотных изданий |
__ |
| a |
Форма изложения нотного текста |
z |
| 128 |
Кодированные данные (звукозаписи-физические характеристики) |
__ |
| a |
Кодированные данные: Музыкальная форма и тональность или лад |
zz |
| c |
Инструменты или голоса, рекомендуемые для солистов (устаревшее) |
tb |
| 200 |
Заглавие и сведения об ответственности |
1_ |
| a |
Заглавие |
Выпуск 37 |
| f |
Первые сведения об ответственности |
составитель В. Максименко |
| 203 |
Вид содержания и тип средства |
__ |
| a |
Вид содержания |
Музыка |
| b |
Характеристика содержания |
знаковая |
| c |
Тип средства |
непосредственная |
| 210 |
Выходные данные |
1_ |
| d |
Дата издания |
1989 |
| 215 |
Физическое описание |
__ |
| a |
Объем |
40 с. |
| 327 |
Примечание о содержании |
11 |
| a |
Примечание о содержании |
Содерж. : Майкапар С. Прелюдия : из цикла Двадцать прелюдий. - Максименко В. Две пьесы : Вальс ; Тайна : романс. - Панин П. Вид на Толедо в грозу. - Дубовицкий В. Романс. - Каржавин С. Фанданго. - Непомнящий А. Бумеранг. - Ситников В. Встречный маршрут. - Рахманинов С. Три фрагмента из оперы "Алеко" : Интродукция ; Сцена ; Финал. - Козловский А. Вальс : из муз. к спектаклю "Принцесса Турандот". - Бах И. С. Полонез. - Юменс В. Чай вдвоем : из мюзикла "Нет, нет, Нанетта". - Барриоз А. Аргентинская мелодия. - Брюн К. Парижское танго. |
| 461 |
Уровень набора |
_0 |
| 1 |
|
2001 |
| a |
|
Репертуар гитариста |
| b |
|
Ноты |
| e |
|
шестиструнная гитара |
| e |
|
[с сопровождением фортепиано и без сопровождения] |
| v |
|
Вып. 37 |
| 1 |
|
2101 |
| a |
|
Москва |
| c |
|
Музыка |
| d |
|
1966 - |
| 1 |
|
001UONB/MAIN/70589ceb1d0c42ce83a9343d42e6c8d0 |
| 1 |
|
215 |
| d |
|
29 см |
| 464 |
Аналитический уровень |
_0 |
| 1 |
|
700 1 |
| a |
|
Майкапар |
| b |
|
С. |
| 1 |
|
2001 |
| a |
|
Прелюдия |
| e |
|
из цикла Двадцать прелюдий |
| 1 |
|
50010 |
| a |
|
Двадцать прелюдий |
| i |
|
Прелюдия |
| 464 |
Аналитический уровень |
_0 |
| 1 |
|
700 1 |
| a |
|
Максименко |
| b |
|
В. |
| 1 |
|
2001 |
| a |
|
Вальс |
| 464 |
Аналитический уровень |
_0 |
| 1 |
|
700 1 |
| a |
|
Максименко |
| b |
|
В. |
| 1 |
|
2001 |
| a |
|
Тайна |
| e |
|
романс |
| 464 |
Аналитический уровень |
_0 |
| 1 |
|
700 1 |
| a |
|
Панин |
| b |
|
П. |
| 1 |
|
2001 |
| a |
|
Вид на Толедо в грозу |
| 464 |
Аналитический уровень |
_0 |
| 1 |
|
700 1 |
| a |
|
Дубовицкий |
| b |
|
В. |
| 1 |
|
2001 |
| a |
|
Романс |
| 464 |
Аналитический уровень |
_0 |
| 1 |
|
700 1 |
| a |
|
Каржавин |
| b |
|
С. |
| 1 |
|
2001 |
| a |
|
Фанданго |
| 464 |
Аналитический уровень |
_0 |
| 1 |
|
700 1 |
| a |
|
Непомнящий |
| b |
|
А. |
| 1 |
|
2001 |
| a |
|
Бумеранг |
| 464 |
Аналитический уровень |
_0 |
| 1 |
|
700 1 |
| a |
|
Ситников |
| b |
|
В. |
| 1 |
|
2001 |
| a |
|
Встречный маршрут |
| 464 |
Аналитический уровень |
_0 |
| 1 |
|
700 1 |
| a |
|
Рахманинов |
| b |
|
С. |
| 1 |
|
2001 |
| a |
|
Интродукция |
| e |
|
фрагмент из оперы "Алеко" |
| 1 |
|
50010 |
| a |
|
Алеко |
| i |
|
Интродукция |
| 464 |
Аналитический уровень |
_0 |
| 1 |
|
700 1 |
| a |
|
Рахманинов |
| b |
|
С. |
| 1 |
|
2001 |
| a |
|
Сцена |
| e |
|
фрагмент из оперы "Алеко" |
| 1 |
|
50010 |
| a |
|
Алеко |
| i |
|
Сцена |
| 464 |
Аналитический уровень |
_0 |
| 1 |
|
700 1 |
| a |
|
Рахманинов |
| b |
|
С. |
| 1 |
|
2001 |
| a |
|
Финал |
| e |
|
фрагмент из оперы "Алеко" |
| 1 |
|
50010 |
| a |
|
Алеко |
| i |
|
Финал |
| 464 |
Аналитический уровень |
_0 |
| 1 |
|
700 1 |
| a |
|
Козловский |
| b |
|
А. |
| 1 |
|
2001 |
| a |
|
Вальс |
| e |
|
из муз. к спектаклю "Принцесса Турандот" |
| 1 |
|
50010 |
| a |
|
Принцесса Турандот |
| i |
|
Вальс |
| 464 |
Аналитический уровень |
_0 |
| 1 |
|
700 1 |
| a |
|
Бах |
| b |
|
И. С. |
| 1 |
|
2001 |
| a |
|
Полонез |
| 464 |
Аналитический уровень |
_0 |
| 1 |
|
700 1 |
| a |
|
Юменс |
| b |
|
В. |
| 1 |
|
2001 |
| a |
|
Чай вдвоем |
| e |
|
из мюзикла "Нет, нет, Нанетта" |
| 1 |
|
50010 |
| a |
|
Нет, нет, Нанетта |
| i |
|
Чай вдвоем |
| 464 |
Аналитический уровень |
_0 |
| 1 |
|
700 1 |
| a |
|
Барриоз |
| b |
|
А. |
| 1 |
|
2001 |
| a |
|
Аргентинская мелодия |
| 464 |
Аналитический уровень |
_0 |
| 1 |
|
700 1 |
| a |
|
Брюн |
| b |
|
К. |
| 1 |
|
2001 |
| a |
|
Парижское танго |
| 512 |
Заглавие обложки |
1_ |
| a |
Заглавие обложки |
Репертуар гитариста |
| 606 |
Тематические рубрики |
0_ |
| a |
Основная рубрика |
Гитара шестиструнная |
| x |
Основная подрубрика |
Репертуар |
| 610 |
Ключевые слова |
0_ |
| a |
Ключевые слова |
гитара шестиструнная; репертуар |
| 686 |
Индексы других классификаций |
__ |
| a |
Классификационный индекс |
85.956.41я43 |
| 2 |
Код системы |
rubbk |
| 702 |
Вторичная интеллектуальная ответственность |
_1 |
| a |
Фамилия |
Максименко |
| b |
Имя (инициалы) |
В. А. |
| g |
Полное личное имя |
Владимир Андреевич |
| 4 |
Код отношения |
220 |
| 801 |
Источник записи |
_0 |
| a |
Страна |
RU |
| b |
Организация |
Ульяновская ОНБ |
| c |
Дата составления |
20231103 |
| g |
Правила каталогизации |
RCR |
| 801 |
Источник записи |
_1 |
| a |
Страна |
RU |
| b |
Организация |
Ульяновская ОНБ |
| c |
Дата составления |
20231103 |
| g |
Правила каталогизации |
RCR |
| 901 |
Тип документа |
__ |
| t |
Тип документа |
n |
| w |
Контрольный № источника |
UONB/MAIN/70589ceb1d0c42ce83a9343d42e6c8d0 |
| 909 |
Создатель записи |
__ |
| a |
Создатель записи |
Грязнова И. Е. |